|
|
|
|
| LEADER |
00000cam a2200000 7i4500 |
| 001 |
0000000377 |
| 005 |
20000808.0 |
| 020 |
0 |
0 |
|a 9832181011
|
| 090 |
0 |
0 |
|a 631.521
|b IUF 1999
|
| 110 |
1 |
0 |
|a IUFRO Seed Symposium
|k 1998
|j Kuala Lumpur
|
| 245 |
1 |
0 |
|a Recalcitrant Seeds: IUFRO Seed Symposium 1998 :
|b Proceedings of the Conference, 12-15 October 1998, Kuala Lumpur, Malaysia
|c editors M. Marzalina ... [et al]
|
| 260 |
0 |
0 |
|a Kuala Lumpur :
|b FRIM ,
|c 1999
|
| 300 |
|
|
|a x, 451 p. :
|b ill. ;
|c 30 cm.
|
| 500 |
0 |
0 |
|a Includes bibliographical references
|
| 650 |
0 |
0 |
|a Seeds
|x Congresses
|
| 700 |
0 |
1 |
|a Marzalina Hj. Mansor
|
| 710 |
1 |
1 |
|a Institut Penyelidikan Perhutanan Malaysia (FRIM)
|
| 999 |
|
|
|a 0000001582
|b Monograph
|c Open Shelf
|e Default branch
|